000 00201 a2200097 4500
001 2623
100 _aDivine, D
245 _aSix great sailors
260 _a
_bHamish Hamilton
_c
090 _c1920
_d1920
942 _aNUST-CAE
_cM
_c10225
999 _c237696
_d237696